00412pab a2200145 454500008004000000100002200040245009500062260000900157300001200166362001200178650002000190650001900210650001100229773002600240180718b2002 xxu||||| |||| 00| 0 eng d aRao, M. Nageswara aDemocratisation and accountability of police - Zilla parishad chief as district magistrate c2002 ap.8-10. aOct-Dec aDemocratization aAccountability aPolice aIndian Police Journal